| 000 | 00780nam a2200217 i 4500 | ||
|---|---|---|---|
| 001 | 62637 | ||
| 003 | ES-MaACL | ||
| 005 | 20230906164714.0 | ||
| 007 | t| | ||
| 008 | 031124s1914 sp ||||1| spa d | ||
| 080 | _a821.134.2-14"19" | ||
| 100 | 1 |
_aFernández Ardavín, Luis, _d1891-1962 _949469 |
|
| 245 | 1 | 0 |
_aMeditaciones y otros poemas / _cLuis Fernández Ardavin ; prólogo de Enrique Díez Canedo ; óleos de César Fernández Ardavín. |
| 260 |
_a[Madrid : _bs.n., _c1914] ( _fProgreso Tipográfico) |
||
| 300 |
_a190 p., [4 ] h. de lám. col. ; _c20 cm. |
||
| 700 | 1 |
_aDíez-Canedo, Enrique, _d1879-1944 _944685 |
|
| 700 | 1 |
_aFernández Ardavín, César, _d1923-2012 _9141198 |
|
| 852 |
_aES-MaACL _jD-1231 |
||
| 852 |
_aES-MaACL _jF-4928 |
||
| 999 |
_c62637 _d62637 |
||